Chuang yi ren : chuang yi si kao di zi wo xun lian /

Saved in:
Bibliographic Details
Main Author: Zhan, Hongzhi.
Format: Book
Language:Chinese
Published: Taibei Shi : Jing ji yu sheng huo chu ban shi ye gu fen you xian gong si, 1986.
Edition:Di 1 ban.
Series:Tian xia ren zhi shi xi lie ; 2.
Subjects:
Tags: Add Tag
No Tags, Be the first to tag this record!
LEADER 01382cam a2200373 a 4500
001 007724131-2
005 20024617103528.0
008 870120s1986 ch af b 000 0 chi
010 |a 86229331 /ACN 
020 |c NT$140.00 
020 |a 9576210011 
035 0 |a ocm15552242 
035 0 |a ocm15552242  |z ocm27479693  |z ocm30764281 
040 |a DLC  |c DLC  |d MnU  |d MH-HY  |d CStRLIN 
050 0 |a BF365  |b .C47 1986 
100 1 |6 880-01  |a Zhan, Hongzhi. 
245 1 0 |6 880-02  |a Chuang yi ren :  |b chuang yi si kao di zi wo xun lian /  |c Zhan Hongzhi zhu. 
250 |6 880-03  |a Di 1 ban. 
260 |6 880-04  |a Taibei Shi :  |b Jing ji yu sheng huo chu ban shi ye gu fen you xian gong si,  |c 1986. 
300 |a iv, 182 p., [16] p. of plates :  |b ill. ;  |c 19 cm. 
490 1 |6 880-05  |a Tian xia ren zhi shi xi lie ;  |v 2 
500 |a Colophon title also in English: Ideaman. 
504 |a Bibliography: p. 173-177. 
650 0 |a Association of ideas. 
740 0 |a Ideaman. 
880 1 |6 100-01  |a 詹宏志. 
880 1 0 |6 245-02  |a 創意人 :  |b 創意思考的自我訓練 /  |c 詹宏志著. 
880 |6 250-03  |a 第1版. 
880 |6 260-04  |a 台北市 :  |b 經濟與生活出版事業股份有限公司,  |c 1986. 
880 1 |6 490-05  |a 天下人知識系列 ;  |v 2 
830 0 |6 880-55  |a Tian xia ren zhi shi xi lie ;  |v 2. 
880 0 |6 830-55  |a 天下人知識系列 ;  |v 2. 
988 |a 20021127 
906 |0 DLC